Kumpulan cerpen : tersimpan begitu lama :

Bibliographic Details
Main Author: Rahman Shaari
Format: Book
Published: Kuala Lumpur : Institut Terjemahan & Buku Malaysia Berhad , 2018
Subjects:

MARC

LEADER 00000cam a2200000 7i4500
001 0000084379
005 20191114.0
008 191114
020 |a 9789674607586 
041 0 |a Malay 
090 0 0 |a RAH   |b MAL 
100 0 |a Rahman Shaari 
245 1 0 |a Kumpulan cerpen :   |b tersimpan begitu lama :   |b Rahman Shaari 
260 |a Kuala Lumpur :   |b Institut Terjemahan & Buku Malaysia Berhad ,   |c 2018 
300 |a 176 p. ;   |c 18.3 cm. 
541 0 0 |c Purchased on 2019   |f 2019/120 CRP   |h RM25.00 
650 0 |a Malay fiction 
999 |a 0001596110   |b Book   |c Adult Collection   |e Perbadanan Perpustakaan Awam Johor 
999 |a 0001596111   |b Book   |c Adult Collection   |e Cawangan Urban Transformation Centre 
999 |a 0001596112   |b Book   |c Adult Collection   |e Cawangan AEON Kulaijaya 
999 |a 0001596320   |b Book   |c Adult Collection   |e Cawangan Taman Universiti 
999 |a 0001596321   |b Book   |c Adult Collection   |e Cawangan Muar 
999 |a 0001596322   |b Book   |c Adult Collection   |e Cawangan Batu Pahat 
999 |a 0001596323   |b Book   |c Adult Collection   |e Cawangan Kota Tinggi 
999 |a 0001596324   |b Book   |c Adult Collection   |e Cawangan Bukit Gambir 
999 |a 0001596325   |b Book   |c Adult Collection   |e Cawangan Segamat 
999 |a 0001596326   |b Book   |c Adult Collection   |e Cawangan Pontian 
999 |a 0001596327   |b Book   |c Adult Collection   |e Cawangan Tangkak 
999 |a 0001596328   |b Book   |c Adult Collection   |e Cawangan Taman Sri Lambak 
999 |a 0001596329   |b Book   |c Adult Collection   |e Cawangan Tmn. Ungku Tun Aminah 
999 |a 0001596330   |b Book   |c Adult Collection   |e Cawangan Bandar Tenggara 
999 |a 0001596331   |b Book   |c Adult Collection   |e Cawangan Mersing 
999 |a 0001596332   |b Book   |c Adult Collection   |e Cawangan Bandar Penawar